000 00805nam a22003010a 4500
001 PT53502
003 AR-LpoUNG
005 20210131231557.0
008 191001s2012||||ag |||||||||||||||||spa d
020 _a9789500740814
_c$8,03
040 _aAR-LpoUNG
_bspa
_cAR-LpoUNG
_eaacr
041 _aspa
044 _aag
082 0 _a808.068 3 577hue
100 1 _aAndruetto, María Teresa
245 1 0 _aHuellas en la arena
250 _a1ra. ed.
260 _aBuenos Aires :
_bSudamericana,
_c2012.
300 _a31 p. :
_bil.
505 0 _aSugerido a partir de 8 años (etiqueta CELESTE)
650 4 _aCUENTOS
650 4 _aLITERATURA
651 4 _aDOCUMENTOS TEORICOS O METODOLOGICOS
653 _aLITERATURA INFANTIL
700 1 _aSanabria, José
_eil.
905 _a53502
942 _cLIB
999 _c10840
_d10840